00274nam a2200097Ia 4500001000800000005001700008008004100025020001800066245007300084260001900157127235120260417151426.0260417s9999 xx 000 0 und d a9786255998576 0aÇocuklar için Su Altı Yaşamı AnsiklopedisicBohdana Jarosova bKetebe Çocuk